Poverty and income distribution in rainfed and irrigated ecosystems: village studies in Chhattisgarh (Record no. 47366)

000 -LEADER
fixed length control field 00547pab a2200181 454500
008 - FIXED-LENGTH DATA ELEMENTS--GENERAL INFORMATION
fixed length control field 180718b2000 xxu||||| |||| 00| 0 eng d
100 ## - MAIN ENTRY--PERSONAL NAME
Personal name Janaiah, A.
245 ## - TITLE STATEMENT
Title Poverty and income distribution in rainfed and irrigated ecosystems: village studies in Chhattisgarh
260 ## - PUBLICATION, DISTRIBUTION, ETC.
Date of publication, distribution, etc. 2000
300 ## - PHYSICAL DESCRIPTION
Extent p.4664-669
362 ## - DATES OF PUBLICATION AND/OR SEQUENTIAL DESIGNATION
Dates of publication and/or sequential designation 30 Dec
650 ## - SUBJECT ADDED ENTRY--TOPICAL TERM
Topical term or geographic name entry element Income distribution - India - Chhattisgarh
650 ## - SUBJECT ADDED ENTRY--TOPICAL TERM
Topical term or geographic name entry element Income distribution
700 ## - ADDED ENTRY--PERSONAL NAME
Personal name Agarwal, A.G.
700 ## - ADDED ENTRY--PERSONAL NAME
Personal name Bose, Manik L.
773 ## - HOST ITEM ENTRY
Main entry heading Economic and Political Weekly
909 ## -
-- 47366
Holdings
Withdrawn status Lost status Damaged status Not for loan Permanent Location Current Location Date acquired Serial Enumeration / chronology Barcode Date last seen Price effective from Koha item type
        Indian Institute of Public Administration Indian Institute of Public Administration 2018-07-19 Volume no: 35, Issue no: 52-53 AR47794 2018-07-19 2018-07-19 Articles

Powered by Koha